Carregant...

Introduction to anthropological throught /

Dades bibliogràfiques
Autor principal: Jha, Makhan
Idioma:Undetermined
Publicat: New Delhi Vikas Pub House Pvt Ltd 1983
LEADER 00469nam a2200133Ia 4500
001 116026
008 170722s9999 xx 000 0 und d
100 |a Jha, Makhan 
245 |a Introduction to anthropological throught / 
260 |b Vikas Pub House Pvt Ltd  |a New Delhi  |c 1983 
300 |a vi+ 222  |c 21.9 cm. 
942 |c GEN 
999 |c 13357  |d 13357 
952 |0 0  |1 0  |4 0  |6 Y_7_200000000000000_N8_M3  |7 0  |8 LC1  |9 15590  |a LIB  |b LIB  |d 2017-08-12  |o Y7.2.N8 M3  |p 197494  |r 2017-08-12  |v 0.00  |w 2017-08-12  |y GEN